000 01012nam a2200313 i 4500
003 DO-SdBNP
005 20260116073831.0
007 ta
008 110413s2023 dr 000 j spa d
020 _a9789945943108
040 _aDO-SdBNP
_bspa
_cBNPHU
_erda
041 _aspa
082 4 _a158.1
_bG633a
_222
100 1 _aGomez, Alba Esther
_eautor
_4aut.
_911765
242 _a
245 1 0 _aAbriendo tus alas :
_breto 21 días: hacia la transformación personal /
_cAlba Esther Gómez
264 1 _aSanto Domingo :
_bFutura RD,
_c2023.
300 _a181 páginas ;
_c23 cm.
336 _atexto
_btxt
_2rdacontent
337 _asin mediación
_bn
_2rdamedia
338 _avolumen
_bnc
_2rdacarrier
500 _aIncluye datos biográficos del autor en la página 186.
590 _aInventariado, 2024/ YL
650 0 _aAutoestima
_9212
650 7 _aAutorrealización (Psicología)
_9211
650 7 _aConducta (Ética)
910 _aYLockward/Validado. Control de calidad MFF
942 _2ddc
_cLBS1
999 _c55766
_d55766